000 00692nam a22001217a 4500
040 _cRUA
082 _aVEM KOU 2014 B435 O.1
100 _aKOU SAMPHOAS; គូ សំភ័ស្ត
245 _aStudy on morbidity of lactating sows at bvb in vestment corp in santok district, kampong thom province, ការសិក្សាជំងឺមេជ្រូកបំបៅដោះកូននៅក្នុងក្រុមហ៊ុន BVB INVESTMENT CORPក្នុងស្រុកសន្ទុក ខេត្តកំពង់ធំ
300 _axi,41p.
_bill.
_c29cm.
856 _uhttps://drive.google.com/file/d/1unpnkLKRR3_3vahRZDNmolGTdsmCIC4u/view?usp=sharing
942 _cVEM
999 _c7153
_d7153